000 00400nam a2200157Ia 4500
008 210716s1993 xx 000 0 und d
020 _a8186011048
041 _aeng
082 _a005.268 DAVF
100 _aDavis, Fred.
245 _aWindows 3.1 bible.
250 _a1
260 _aNew Delhi
_bGalgotia Publications Pvt Ltd
_c1993
300 _axxiv,1128
650 _aMicrosoft Windows(005.269)
999 _c182675
_d182675